Guess the Place in Lyrics Quiz Title - Statistics

General Stats
  • This quiz has been taken 33 times
  • The average score is 5 of 10
Answer Stats
Hint Answer % Correct
Almost heaven, West _____ Blue Ridge Mountains, Shenandoah River Virginia
87%
Half of my heart is in Havana, ooh na-na (ayy, ayy) He took me back to East _____, na-na-na, ah Atlanta
74%
In this _____ king bed We're ten thousand miles apart California
71%
My, my
At _____, Napoleon did surrender
Oh, yeah
And I have met my destiny in quite a similar way
Waterloo
68%
If I ain't wrong we'd probably die on the floor
Brazil, Morocco, _____ to Ibiza
Straight to LA, New York, Vegas to Africa
London
55%
I've been to London (yeah), I've been to _____ (yeah) Even way out there to Tokyo (Tokyo) Paris
52%
So hard with my girls not around me It's definitely not a _____ party Nashville
35%
We keep it rocking 'til 6:00 AM (6:00 AM) New York to London over to _____ Japan
23%
Ninety miles outside _____
Can't stop driving
I don't know why
Chicago
16%
Psychic spies from China try to steal your mind's elation And little girls from _____ dream of silver screen quotation Sweden
16%
No matching quizzes found
Score Distribution
Percent of People with Each Score
Percentile by Number Answered
Your Score History
You have not taken this quiz